ՀՀ Գիտությունների ազգային ակադեմիայի հիմնարար գիտական գրադարան  =   Fundamental Scientific Library of NAS RA

Կրակի ու կարոտի միջով : (Record no. 94687)

MARC details
000 -LEADER
fixed length control field 00832nam a2200193 a 4500
001 - CONTROL NUMBER
control field 000261596
003 - CONTROL NUMBER IDENTIFIER
control field AM-YeHGA
005 - DATE AND TIME OF LATEST TRANSACTION
control field 20250618071741.0
008 - FIXED-LENGTH DATA ELEMENTS--GENERAL INFORMATION
fixed length control field 030912s1969 ai 000 | arm d
040 ## - CATALOGING SOURCE
Original cataloging agency AM-YeHGA
090 ## - LOCALLY ASSIGNED LC-TYPE CALL NUMBER (OCLC); LOCAL CALL NUMBER (RLIN)
-- 95988
100 1# - MAIN ENTRY--PERSONAL NAME
Personal name Գրիգորյան, Վահան Արմենակի,
Dates associated with a name 1905-1989
9 (RLIN) 1650
245 10 - TITLE STATEMENT
Title Կրակի ու կարոտի միջով :
Remainder of title [Ժողովածու] /
Statement of responsibility, etc. Վ. Գրիգորյան; Խմբ.՝ Լ.Ն. Արազյան; Նկ.՝ Ռ.Ս. Բեդրոսով.
260 ## - PUBLICATION, DISTRIBUTION, ETC.
Place of publication, distribution, etc. Երևան :
Name of publisher, distributor, etc. Հայաստան,
Date of publication, distribution, etc. 1969.
300 ## - PHYSICAL DESCRIPTION
Extent 273 էջ :
Other physical details 1 թ. դիմանկ. ;
Dimensions 20 սմ.
505 0# - FORMATTED CONTENTS NOTE
Formatted contents note Բաժինն.՝ Օրերի հետ; Կրակի ու կարոտի միջոջ; Իմ երկիր ...
650 14 - SUBJECT ADDED ENTRY--TOPICAL TERM
Topical term or geographic name entry element Հայ գրականություն
General subdivision Պոեզիա
700 1# - ADDED ENTRY--PERSONAL NAME
Personal name Արազյան, Լ.Ն.
Relator term խմբ.
Relationship edt
9 (RLIN) 5223
Holdings
Withdrawn status Lost status Damaged status Not for loan Collection Home library Current library Date acquired Total checkouts Full call number Barcode Date last seen Price effective from Koha item type Public note
        General Fundamental Scientific Library Fundamental Scientific Library 22/12/2016   AII/44015 220044015 22/12/2016 22/12/2016 Գրքեր / Books 30 Days Loan
        General Fundamental Scientific Library Fundamental Scientific Library 22/12/2016   AII/44016 220044016 22/12/2016 22/12/2016 Գրքեր / Books 30 Days Loan
        General Fundamental Scientific Library Fundamental Scientific Library 22/12/2016   AII/44017 220044017 22/12/2016 22/12/2016 Գրքեր / Books 30 Days Loan


ՀՀ ԳԱԱ հիմնարար գիտական գրադարան
ՀՀ,Երևան 0019
Մարշալ Բաղրամյան 24/6
հեռախոս:(374-10) 52-47-50
Հետադարձ կապ

All site content, except where otherwise noted, is licensed under a
Creative Commons License